000 01006nam a2200289 i 4500
003 DO-SdBNP
005 20240904154415.0
007 ta
008 240904b1964 sp ||||| |||| 00| 0 spa d
040 _aDO-SdBNP
_bspa
_cBNPHU
_erda
082 4 _222
100 _aColón, Cristóbal,
_d1436-1456
_eautor
_4aut.
_919795
245 1 4 _aLos cuatro viajes del almirante y su testamento /
_cCristóbal Colón ; edición y prólogo, Ignacio B. Anzoátegui
250 _acuarta edición
264 4 _aMadrid :
_beditora Espasa-Calpe,
_c1964.
300 _a221 páginas ;
_c18 cm.
336 _atexto
_btxt
_2rdacontent
337 _asin mediación
_bn
_2rdamedia
338 _avolumen
_bnc
_2rdacarrier
490 _aAstral
_v633
500 _aIncluye datos biográficos del autor en la solapa de la cubierta
500 _aIncluye índice de autores
590 _aInventariado, 2024/BT
700 _aAnzoátegui, Ignacio B.,
_eeditor y prologista
_4ed. y pról.
_942601
910 _aBtavárez
942 _2ddc
_cLBS1
999 _c57632
_d57632